000 00650cam a2200181 4500
001 ABS61018
008 000000n1999 000 0 eng u
035 _a(Sirsi) u101572
100 _aFreedman, M.
245 4 _aThe property expert witness redefined.
260 _c1999
490 _aNew Law Journal
_v149(6899) 30 July 1999, 1156-1158(2)
520 _aWarns that the new Civil Procedure Rules will have a major impact on surveyors acting as expert witnesses. Highlights the main changes.
650 _aCIVIL PROCEDURE RULES
650 _aEXPERT WITNESS
_96239
690 _aMANAGEMENT-BUSINESS MANAGEMENT-PROFESSIONAL PRACTICE
942 _n0
999 _c60704
_d60704